[Event "CAT-chT 2020"]
[Site "Catalonia"]
[Date "2020.01.25"]
[Round "2.5"]
[White "Pang, Khai Jie Ryan"]
[Black "Vehi Bach, Victor Manuel"]
[Result "0-1"]
[WhiteElo "1841"]
[BlackElo "2316"]
[Annotator "TA"]
[PlyCount "104"]
[EventDate "2020.01.18"]
[EventType "team-tourn"]
[EventCountry "ESP"]
[SourceTitle "playchess.com"]
[Source "ChessBase"]
[SourceQuality "1"]

{[%evp 20,104,0,-3,0,-11,0,-12,-13,-14,-11,-13,-9,-10,-11,-12,-20,-40,-40,-33,-40,-29,-35,-38,-33,-37,0,0,0,0,0,0,13,0,0,0,0,0,0,0,0,-119,-38,-82,-60,-341,-335,-335,-215,-210,-164,-179,-163,-210,-200,-204,-206,-199,-181,-206,-193,-231,-192,-207,-202,-326,-318,-371,-368,-335,-340,-508,-508,-431,-342,-481,-468,-447,0,-277,-264,-367,-325,-498,-504,-29976,-29973]} 1. e4 c5 2. Nf3 e6 3. d4 cxd4 4. Nxd4 Nf6 5. Nc3 d6 6. g3 a6 7. Bg2 Qc7 8. O-O Be7 9. a4 Nc6 {[%cal Bb8c6,Bc6e5,Be5c4,Bc4b2][%mdl 32]} 10. Re1 O-O 11. Be3 Ne5 {B80: Sicilian Scheveningen: 6 g3 and 6 Be3, including English Attack} 12. h3 Rb8 (12... Rd8 13. Nde2 b6 14. f4 Nc4 15. Bc1 d5 16. e5 Ne4 17. Qd3 Bc5+ 18. Kh2 Bb7 19. Nd1 {½-½ (54) Kryvoruchko,Y (2679)-Sandipan,C (2596) Fujairah 2012}) 13. g4 h6 $146 {The position is equal.} ({Predecessor:} 13... Bd7 14. g5 Ne8 15. f4 Nc6 16. h4 d5 17. exd5 Nxd4 18. Qxd4 {½-½ (54) Stanojoski,Z (2496)-Nikolaidis,I (2478) Athens 2003}) 14. f4 Nc4 15. Bc1 e5 16. Nf5 Bxf5 17. exf5 {g5 is the strong threat.} exf4 18. Bxf4 Nxb2 19. Qd4 Rfe8 20. Rab1 Nc4 21. Kh1 $1 b6 22. Re2 Bf8 23. Rxe8 Rxe8 24. Nd5 Nxd5 25. Bxd5 Rc8 26. Bg3 Na3 27. Rxb6 {Hoping for Rb7.} Nxc2 28. Qf2 Qc3 {White must now prevent ...Ne3.} 29. Rb7 Nb4 $36 {[%mdl 2048] Black has some pressure.} 30. Bg2 (30. Bxf7+ $11 {was the only way to keep the balance.} Kh8 31. Be6 Qc6+ 32. Qg2 Qc1+ 33. Qg1 Qc6+ {[%mdl 64] Double Attack} 34. Qg2 Qc1+ 35. Qg1 Qc6+ {[%mdl 64] Double Attack} 36. Qg2) 30... d5 (30... Qa3 $17 31. f6 g6) 31. f6 g6 32. Rb8 $2 {[%mdl 8192]} ({Only move:} 32. Kh2 $15) 32... Rxb8 $19 33. Bxb8 Bc5 34. Qe2 {aiming for Qe8+.} Qxf6 35. Qe8+ {[#]} Bf8 $1 36. Be5 {[#]} Qe6 $1 {[%cal Re6e8]} 37. Qxe6 fxe6 {[%mdl 4096] Endgame KBB-KBN} 38. Bf1 Bc5 39. Bc3 a5 40. Bd2 Kg7 41. Bb5 g5 42. Kg2 (42. Bc3+ {was the only defense.} Kf7 43. Kg2) 42... Kf6 43. h4 e5 44. hxg5+ hxg5 45. Bd7 (45. Bc3 {is the only way for White.}) 45... e4 46. Bf5 Bb6 47. Kf1 (47. Bc3+ $142 Kf7 48. Bd2) 47... Na6 48. Ke2 Nb4 $2 (48... Nc5 $19 49. Bc3+ Kf7) 49. Bc3+ $2 {[%mdl 8192]} (49. Kf1 $1 $11 {and White stays safe.}) 49... Kf7 50. Kd2 Nd3 51. Bh8 (51. Kc2 {was necessary.}) 51... Nc5 52. Bd4 (52. Ke2 $19 Ke7 53. Bc3) 52... Nb3+ {[%mdl 64] Double Attack, Discovered Attack. Accuracy: White = 32%, Black = 71%.} 0-1

[Event "CAT-chT 2020"]
[Site "Catalonia"]
[Date "2020.01.25"]
[Round "2.6"]
[White "Barbero Sendic, Alejandro"]
[Black "Fernandez Soriano, Ruben"]
[Result "1-0"]
[WhiteElo "2308"]
[BlackElo "2181"]
[Annotator "TA"]
[PlyCount "103"]
[EventDate "2020.01.18"]
[EventType "team-tourn"]
[EventCountry "ESP"]
[SourceTitle "playchess.com"]
[Source "ChessBase"]
[SourceQuality "1"]

{[%evp 11,103,30,45,-11,-10,-11,-22,-78,-80,-81,-85,-88,-70,-77,-76,-81,-77,-83,-81,-89,-90,-93,-86,-92,-91,-69,-77,-92,-62,-63,-37,-43,5,-59,-57,-67,-13,-5,0,-25,-20,-83,-85,-95,0,0,0,-64,0,0,0,0,0,0,0,0,0,0,37,0,0,0,45,32,104,88,144,140,226,222,337,333,309,312,338,322,572,575,563,556,560,539,863,746,851,696,1825,1383,29978,29978,29994,29995,29997,29997]} 1. e4 d5 2. exd5 Nf6 3. d4 Bg4 4. Nf3 Qxd5 5. Be2 Nc6 6. Be3 O-O-O 7. h3 {B01: Scandinavian Defence} (7. c4 $14 Qa5+ 8. Nc3) (7. Nbd2 Qf5 8. c4 e5 9. d5 Nb4 10. O-O Nc2 11. Nh4 Nxe3 12. fxe3 Qg5 13. Bxg4+ Nxg4 14. Nf5 Nxe3 15. Nxe3 {1-0 (26) Istratescu,A (2627)-Horvath,J (2508) Aschach 2014}) 7... Bxf3 $1 $11 8. Bxf3 Qd7 {[%cal Rc6d4]} 9. Nc3 $146 (9. c3 $11) ({Predecessor:} 9. c3 e5 10. dxe5 Qxd1+ 11. Bxd1 Nxe5 12. Be2 Nd3+ 13. Bxd3 Rxd3 14. Nd2 Rd8 15. O-O-O {½-½ (53) Baltaci,I (1882)-Civi,A (1637) Konya 2017}) 9... Nxd4 $17 10. Bxd4 Qxd4 11. Qe2 Qb6 12. O-O e6 (12... Qxb2 $2 13. Nb5 $18) 13. a4 a5 ({Don't go for} 13... Qxb2 $2 14. Nb5 $18) 14. Nb5 c6 15. Na3 Bxa3 16. Rxa3 Rd7 ({Wrong is} 16... Qxb2 $2 17. Rb3 $18) 17. Rb3 Qa7 18. Rc3 Nd5 19. Rc4 Re8 20. c3 Qb6 21. b4 f6 22. b5 (22. Rb1 $11) 22... c5 $1 $15 23. Re1 Rde7 (23... Ree7 $15) 24. Qd3 $11 g6 25. Qd4 Rc7 26. Qg4 (26. Qh4 $11 Qd6 27. Bxd5 Qxd5 28. b6) 26... f5 $17 27. Qg3 {And now Bxd5 would win.} Rd8 (27... Nf6 $1 $17 28. Rh4 Rce7) 28. Qe5 $11 Re7 29. h4 ({White should play} 29. Qd4 $11) 29... Rdd7 (29... Qc7 $1 $15 30. Qxc7+ Kxc7) 30. Qd4 Rc7 31. Qh8+ Kd7 32. Bxd5 exd5 33. Rxe7+ Kxe7 34. Qxh7+ {[%mdl 4096] Endgame KQR-KQR} Kf8 (34... Kf6 $5 {[%cal Rc7h7]} 35. Qh8+ Kf7 36. Qh7+ Kf6 37. Qh8+ Kf7 38. Qh7+ Kf6 $11) 35. Qh8+ Kf7 36. Qh7+ Kf8 (36... Kf6 $5 37. Qh8+ $8 Kf7 38. Qh7+ Kf6 39. Qh8+ Kf7 $11) 37. Qh6+ Rg7 {[#]} (37... Kg8 $14 38. Rf4 Rh7) 38. Rf4 $1 $16 {[%cal Rf4f5] Rxf5+! is the strong threat.} Qf6 (38... Qe6 $142) 39. Qh8+ Kf7 {[#]} (39... Ke7 $16) 40. Qc8 $1 $18 Qe5 (40... Qe7 $142 41. h5 Qe1+ 42. Kh2 Qe6 43. hxg6+ (43. Qxb7+ Kf6 $16) (43. Qxc5 Rh7 $16) 43... Kf6 44. Qxc5 Kxg6) 41. Qxb7+ Kg8 42. Qc8+ Kh7 43. g3 d4 $2 (43... Qc7 {might work better.} 44. Qa6 Rd7) 44. cxd4 cxd4 {If only Black now had time for ...Rc7....} 45. Qd8 {[%mdl 64] Double Attack} Rc7 46. Rxd4 Qe1+ 47. Kg2 Rg7 48. Qf6 Qe8 {[#]} 49. h5 $1 Qa8+ (49... gxh5 50. Qxf5+) 50. Kh2 {White mates.} Qf3 51. hxg6+ Rxg6 52. Rh4+ {Accuracy: White = 68%, Black = 38%.} 1-0

[Event "CAT-chT 2020"]
[Site "Catalonia"]
[Date "2020.01.25"]
[Round "2.6"]
[White "Sorroche Martin, Jose Maria"]
[Black "Perpinya Rofes, Lluis Maria"]
[Result "1/2-1/2"]
[WhiteElo "2169"]
[BlackElo "2293"]
[Annotator "TA"]
[PlyCount "49"]
[EventDate "2020.01.18"]
[EventType "team-tourn"]
[EventCountry "ESP"]
[SourceTitle "playchess.com"]
[Source "ChessBase"]
[SourceQuality "1"]

{[%evp 12,49,34,6,27,15,25,21,31,31,14,13,47,58,59,30,25,33,41,41,61,-8,7,-6,20,0,16,0,0,0,0,0,0,0,0,0,0,-27,-21,-21]} 1. c4 g6 2. g3 Bg7 3. Bg2 e5 4. Nc3 d6 5. e3 Nc6 6. Nge2 h5 7. h3 Be6 {A25: English Opening vs King's Indian with ...Nc6 but without early d3} 8. b3 (8. d4 exd4 9. Nxd4 Bd7 10. Nxc6 Bxc6 11. e4 Bxc3+ 12. bxc3 b6 13. O-O f6 14. Qd4 Qd7 15. f4 {0-1 (30) Ponkratov,P (2605)-Mchedlishvili,M (2608) St Petersburg 2018}) 8... Qd7 9. Bb2 $146 ({Predecessor:} 9. d3 Nge7 10. a3 f5 11. Bb2 h4 12. Nd5 Nd8 13. Nef4 Bf7 14. Nxe7 Qxe7 {0-1 (33) Mencinger,V (2372)-Castrillon Gomez,M (2167) Forni di Sopra 2015}) 9... Nge7 10. d4 exd4 11. Nb5 {[%cal Rb5d4]} a6 12. Nbxd4 Nf5 13. Qd2 {[#] Threatens to win with Nxf5.} Ncxd4 14. Nxd4 O-O-O 15. Nxe6 fxe6 16. e4 (16. Bxg7 $14 Qxg7 17. Rc1) 16... Bxb2 17. Qxb2 Qg7 (17... Ne7 {is more complex.} 18. h4 Nc6 19. b4 Kb8 20. b5 Na5) 18. O-O-O Qxb2+ 19. Kxb2 Ne7 20. h4 Rhf8 21. f4 e5 22. Bh3+ Kb8 23. Rhf1 Nc6 24. f5 Rf6 25. g4 {Accuracy: White = 51%, Black = 59%.} 1/2-1/2

[Event "CAT-chT 2020"]
[Site "Catalonia"]
[Date "2020.01.25"]
[Round "2.7"]
[White "Fernandez Aguado, Enrique"]
[Black "Sierra Montoya, Miquel"]
[Result "1-0"]
[WhiteElo "2269"]
[BlackElo "2131"]
[Annotator "TA"]
[PlyCount "83"]
[EventDate "2020.01.18"]
[EventType "team-tourn"]
[EventCountry "ESP"]
[SourceTitle "playchess.com"]
[Source "ChessBase"]
[SourceQuality "1"]

{[%evp 18,83,51,34,47,31,42,25,32,3,4,-22,-14,-70,-37,-54,-47,-81,-70,-204,-197,-182,-220,-205,-203,-200,-101,-103,-62,-57,-47,-108,-38,-26,-21,-23,-10,-8,14,12,16,0,0,0,13,15,41,29,32,-22,-29,-25,8,15,15,12,21,14,536,536,536,535,550,560,562,560,581,585]} 1. Nf3 Nf6 2. c4 g6 3. Nc3 Bg7 4. e4 d6 5. d4 O-O 6. Be2 e5 7. O-O Nc6 8. d5 Ne7 9. Bd2 Ne8 10. Rc1 f5 {E97: King's Indian: Classical Main Line (6...e5 7 0-0 Nc6): 8 Be3 and 8 d5 Ne7, not 9 Ne1} 11. exf5 (11. Qb3 h6 12. c5 Kh8 13. cxd6 Nxd6 14. Bd3 c6 15. dxc6 Nxc6 16. Be3 Nd4 17. Bxd4 exd4 18. Nb5 Nxe4 19. Nc7 Rb8 20. Na6 Ra8 21. Nc7 Rb8 22. Na6 Ra8 23. Nc7 {½-½ (23) Melkumyan,H (2660)-Grischuk,A (2769) Douglas 2018}) 11... gxf5 12. Ng5 c6 {White has an edge.} 13. b4 $146 ({Predecessor:} 13. Qb3 Nc7 14. f4 h6 15. Nh3 e4 16. Kh1 Kh7 17. Be3 c5 18. Rcd1 {1-0 (40) Gareyev,T (2615)-Rahul,S (2277) Saint Louis 2016}) 13... h6 14. Nh3 Nf6 15. Qb3 (15. f3 $11) 15... cxd5 16. cxd5 f4 17. Nb5 Nf5 {aiming for ...Ne4.} ({But not} 17... Nfxd5 $2 18. Nc7 $18) 18. Rc4 ({White should play} 18. f3 $15) 18... Bd7 $19 19. Nc7 b5 $1 {[%cal Rb5c4]} 20. Rcc1 Nd4 {[%mdl 64] Double Attack} 21. Qd1 {[#]} Ne4 (21... Bxh3 $1 $19 22. gxh3 {[#]} f3 $1 {[%mdl 512]} 23. Bxf3 Ne8) 22. f3 $17 ({Avoid the trap} 22. Nxa8 $2 f3 $19) 22... Bxh3 (22... Nxd2 {looks sharper.} 23. Qxd2 Rc8 24. Ne6 Nxe6 25. dxe6 Qb6+) 23. fxe4 Rc8 24. Ne6 ({White should try} 24. gxh3 $15 Rxc7 25. Bg4) 24... Bxe6 (24... Nxe6 $17 25. Rxc8 Qxc8 26. dxe6 Bxe6 27. Bxb5 d5) 25. dxe6 $15 Rxc1 26. Bxc1 d5 27. Bd3 Qd6 28. exd5 Qxd5 29. e7 Re8 30. Re1 Rxe7 {[#]} 31. Bxf4 $1 {[%mdl 576] Pin} Qxa2 (31... exf4 32. Rxe7) 32. Qg4 {And now Qc8+ would win.} (32. Qc1 {seems wilder.} Qe6 33. Be3 e4 34. Bb1 Kh8 35. Kh1) 32... Qe6 33. Qxe6+ (33. Qg3 $14) 33... Rxe6 $11 34. Be3 e4 35. Bb1 Re7 36. Bf2 Nc6 37. Bxe4 Bd4 $2 {[%mdl 8192]} (37... Bc3 $1 $11 {and Black has nothing to worry.} 38. Bd5+ Kg7 39. Rxe7+ Nxe7) 38. Bd5+ $18 {White is clearly winning.} Kf8 {[%cal Re7e1]} 39. Rf1 Nxb4 {White must now prevent ...Bxf2+.} 40. Bxd4+ {[%mdl 64] Discovered Attack} Ke8 41. Bf3 a5 42. Bb6 {Accuracy: White = 37%, Black = 36%.} 1-0

[Event "CAT-chT 2020"]
[Site "Catalonia"]
[Date "2020.01.25"]
[Round "2.7"]
[White "Rodriguez Adell, Aaron"]
[Black "Ramirez Garcia, Jorge Alberto"]
[Result "1/2-1/2"]
[WhiteElo "2154"]
[BlackElo "2284"]
[Annotator "TA"]
[PlyCount "113"]
[EventDate "2020.01.18"]
[EventType "team-tourn"]
[EventCountry "ESP"]
[SourceTitle "playchess.com"]
[Source "ChessBase"]
[SourceQuality "1"]

{[%evp 13,113,-16,-7,-22,36,0,27,27,35,-17,32,29,28,16,25,34,48,47,49,10,65,17,23,16,23,16,21,-14,0,0,0,0,0,0,0,-23,-22,-41,0,0,0,0,560,0,63,0,0,0,0,-18,-18,-18,-25,-62,-72,-91,-16,-35,-20,-57,-35,-37,-57,-131,-102,-101,0,-10,0,0,0,0,0,0,0,0,0,0,0,-189,-86,-103,-93,-97,0,0,0,0,0,0,0,0,0,0,0,0,0,0,0,0,0,0]} 1. e4 e6 2. d4 d5 3. Nc3 Nc6 4. Nf3 Nf6 5. Bg5 Be7 6. e5 Ne4 7. Bxe7 Qxe7 8. a3 {C10: French with 3 Nc3: Unusual Black 3rd moves and 3...dxe4} f6 (8... Nxc3 $11 9. bxc3 f6) (8... Bd7 9. Bd3 Ng5 10. Nd2 f6 11. f4 Nf7 12. Nf3 g5 13. Ne2 gxf4 14. exf6 Qxf6 15. Qd2 Ng5 16. Nxg5 Qxg5 {½-½ (39) Pruijssers,R (2558)-Reinderman,D (2571) Maarssen 2013}) 9. Bb5 O-O $146 ({Predecessor:} 9... Bd7 10. Qe2 O-O 11. Nxe4 dxe4 12. Qxe4 Nxe5 13. Bxd7 Nxf3+ 14. Qxf3 Qxd7 15. O-O-O b5 {0-1 (72) Mirano,M (1786)-Suede,M (2057) Quezon City 2019}) 10. O-O {White has an edge.} Nxc3 11. bxc3 (11. exf6 $14 gxf6 12. bxc3) 11... Bd7 12. exf6 Rxf6 13. Qe2 Na5 14. Ne5 c6 15. Bd3 c5 16. Qe3 Rc8 (16... c4 $11 17. Be2 Ba4) 17. Ng4 Rff8 $1 18. Qh3 g6 19. Ne5 Nc6 20. Qg3 cxd4 {And now ...Nxe5 would win.} 21. Nxc6 Bxc6 22. cxd4 Ba4 23. Rac1 Rc3 (23... Qxa3 $2 24. Ra1 $18) 24. Qg4 Bd7 25. Qg3 Rfc8 26. h4 {[#]} Bb5 $1 {[%mdl 512] aiming for ...Bxd3.} 27. Rb1 (27. Bxb5 Rxg3) 27... Qg7 $2 {[%mdl 8192]} (27... Ba4 $11 {and Black has nothing to worry.} 28. Rb2 b6) 28. Qd6 $2 (28. Rxb5 $18 b6 29. Re1) 28... Bxd3 (28... R3c6 $11 29. Qf4 Bxd3 30. cxd3 Qe7) 29. cxd3 ({White should try} 29. Qxe6+ $14 Qf7 30. Qxf7+ Kxf7 31. Rxb7+ {[%mdl 64] Double Attack} R8c7 32. Rxc7+ Rxc7 33. cxd3) 29... Qf7 30. Rfe1 Rxd3 31. Qxe6 Qxe6 32. Rxe6 $11 {[%mdl 4096] Endgame KRR-KRR} Rc7 ({Reject} 32... Rxd4 $6 33. Rxb7 Rxh4 34. g3 $16) 33. Rb4 Rxa3 34. h5 Kg7 (34... gxh5 $17 {With the idea ...Ra1+.} 35. Rb5 Ra1+ 36. Kh2 Ra2) 35. hxg6 hxg6 36. Rb5 Rd7 {...Ra4 is the strong threat.} 37. Re5 $1 a6 38. Rexd5 (38. Rb6 $15) 38... Rxd5 $17 39. Rxd5 $15 {[#] KR-KR} Ra1+ (39... b5 $1 $17 40. Kf1 Ra2) 40. Kh2 $11 b5 {[%cal Bb7b5,Bb5b4][%mdl 32]} 41. Rd7+ Kf6 {Hoping for ...b4.} 42. Rb7 Kf5 43. Rb6 Ra4 44. d5 g5 45. Kg3 b4 {Threatens to win with ...Ra3+.} 46. Kf3 $2 {[#]} (46. d6 $1 $11 {and White stays safe.}) 46... a5 (46... Ra3+ $1 $19 {and Black stays clearly on top.} 47. Ke2 a5) 47. Ke3 $17 Ke5 48. Kd3 Ra3+ (48... Kxd5 $17 {Strongly threatening ...Ra3+.} 49. Rb5+ Kc6 50. Rxg5 Ra1) 49. Kc4 $11 {The position is equal.} b3 (49... Ra2 {with more complications.} 50. Re6+ Kf5 51. Re8 Rc2+ 52. Kd3 Rc1) 50. Rxb3 Rxb3 51. Kxb3 Kxd5 {KPP-KPP} 52. f3 ({Don't blunder} 52. Ka4 $2 Ke4 $19) 52... Kd4 {( -> ...Ke3)} 53. g3 (53. Ka4 {leads to mate.} Ke3 54. f4 gxf4 55. Kxa5 Kf2 56. Kb4 Kxg2 57. Kc3 f3 58. Kd3 f2 59. Ke4 f1=Q 60. Ke5 Qb5+ 61. Kd6 Kf3 62. Ke6 Ke4 63. Ke7 Kf5 64. Kd6 Kf6 65. Kc7 Ke7 66. Kc8 Kd6 67. Kd8 Qd7#) 53... Ke3 54. f4 $1 {[%cal Rf4g5]} gxf4 55. gxf4 {White threatens f5 and mate.} Kxf4 56. Ka4 Ke5 57. Kxa5 {Accuracy: White = 49%, Black = 38%.} 1/2-1/2

[Event "CAT-chT 2020"]
[Site "Catalonia"]
[Date "2020.01.25"]
[Round "2.8"]
[White "Avila Jimenez, Xavier"]
[Black "Sirera Bargallo, Tomas"]
[Result "0-1"]
[WhiteElo "2170"]
[BlackElo "2102"]
[Annotator "TA"]
[PlyCount "72"]
[EventDate "2020.01.18"]
[EventType "team-tourn"]
[EventCountry "ESP"]
[SourceTitle "playchess.com"]
[Source "ChessBase"]
[SourceQuality "1"]

{[%evp 18,76,-7,-3,0,-27,34,-11,-8,0,0,0,0,-38,-36,-154,-139,-146,-133,-107,-135,-130,-114,-139,-127,-134,-134,-160,-167,-339,-264,-369,-220,-372,-366,-540,-595,-573,-554,-1606,-1555,-29981,-1729,-1155,-739,-698,-691,-645,-477,-399,-397,-454,-464,-620,-595,-572,-511,-29990,-29991,-29991,-29992]} 1. d4 Nf6 2. c4 g6 3. Nc3 Bg7 4. e4 d6 5. f4 c5 6. d5 O-O 7. Nf3 e6 8. dxe6 fxe6 9. Bd3 Nc6 10. O-O b6 {E76: King's Indian: Four Pawns Attack: Lines specific to 6 Nf3 move-order} (10... Nd4 11. Bd2 Bd7 12. Nxd4 cxd4 13. Nb5 Bc6 14. Qe2 Ne8 15. e5 Bxb5 16. cxb5 dxe5 17. fxe5 Nc7 18. Rxf8+ Qxf8 {½-½ (77) Ponomariov,R (2726)-Vovk,Y (2562) Kiev 2012}) 11. Qe2 $146 ({Predecessor:} 11. e5 dxe5 12. fxe5 Nxe5 13. Nxe5 Qd4+ 14. Kh1 Qxe5 15. Bf4 Qd4 16. Nb5 Qd7 17. Nc7 e5 18. Bxe5 {0-1 (52) Zhukova,N (2450)-Chernobay,A (2496) Sochi 2017}) 11... Qe7 (11... Nd4 $11 12. Qe1 Bb7) 12. Bd2 (12. e5 $5 {[%cal Re5f6]} Nh5 13. Be4 $14) 12... Nd4 {The position is equal.} 13. Nxd4 cxd4 14. Nb5 e5 15. fxe5 dxe5 16. a3 ({White should play} 16. Qe1 $15) 16... a6 $1 $36 {[%mdl 2048] White is under strong pressure.} 17. Bb4 Qd8 $1 18. Bxf8 Kxf8 19. a4 {Black should prevent Na3.} axb5 20. axb5 Rxa1 21. Rxa1 Bh6 22. Ra8 Be3+ 23. Kf1 $2 (23. Kh1) 23... Qd7 24. b4 Ng4 (24... Kg7 $142 25. c5 Qf7) 25. c5 $2 {[#]} (25. Qa2 {keeps fighting.} Qd8 26. c5) 25... Kg7 $1 $19 {White must now prevent ...Qf7+.} 26. Qa2 (26. Ke1 $142 Nf2 27. cxb6) 26... Nxh2+ 27. Ke1 {[#]} Qg4 $1 {Threatens to win with ...Be6.} 28. Ra7+ Kh6 29. Qf7 Qg3+ (29... Qxg2 $142 30. Qg7+ Kg5 31. Qxe5+ Kg4 32. Be2+ Nf3+ 33. Bxf3+ Kxf3 34. Rf7+ Kg4 35. Rf4+ Kh3 36. Rh4+ {[%mdl 64] Decoy} Kxh4 37. Qf6+ g5 38. Qh6+ Kg4 39. Qf8 Qd2+ {[%mdl 64] Double Attack} 40. Kf1 Qd1+ 41. Kg2 Qg1#) 30. Kd1 Bg4+ 31. Kc2 Qxg2+ 32. Kb3 Nf3 {...Nd2+ is the strong threat.} 33. Qxh7+ Kg5 {( -> ...Nd2+)} 34. Qe7+ Kf4 {Strongly threatening ...Nd2+.} 35. Ra2 Nd2+ {[%mdl 64] Double Attack} 36. Ka3 {[#]} Nc4+ {Played: Nd2-b1} 0-1

[Event "CAT-chT 2020"]
[Site "Catalonia"]
[Date "2020.01.25"]
[Round "2.8"]
[White "Romero Calderon, Juan"]
[Black "Ayas Fernandez, Antonio"]
[Result "0-1"]
[WhiteElo "2099"]
[BlackElo "2228"]
[Annotator "TA"]
[PlyCount "80"]
[EventDate "2020.01.18"]
[EventType "team-tourn"]
[EventCountry "ESP"]
[SourceTitle "playchess.com"]
[Source "ChessBase"]
[SourceQuality "1"]

{[%evp 9,80,14,14,18,14,10,13,10,16,-23,-29,-19,-19,-31,-33,-16,-29,-58,-56,-86,-79,-67,-71,-85,-104,-107,-118,-97,-104,-157,-156,-245,-242,-247,-251,-251,-252,-252,-245,-228,-193,-209,-199,-244,-223,-272,-195,-189,-214,-593,-566,-612,-665,-832,-817,-1192,-1163,-4133,-3587,-5289,-4994,-5206,-5048,-6848,-6756,-29985,-29986,-29989,-29990,-29996,-29997,-29997,-29988]} 1. Nf3 d5 2. d4 Nf6 3. e3 c6 4. c4 a6 5. c5 (5. Bd2 e6 6. Qc2 Nbd7 7. Nc3 dxc4 8. a4 c5 9. Bxc4 cxd4 10. exd4 Be7 11. O-O O-O 12. Rfe1 Nb6 13. Bd3 Nbd5 14. Nxd5 Qxd5 15. Bg5 {½-½ (35) Ponomariov,R (2648)-Laznicka,V (2667) Germany 2019}) 5... g6 6. Nc3 {D11: Slav Defence: 3 Nf3 sidelines and 3...Nf6 4 e3 Bg4} Bg7 7. Na4 Nbd7 8. Bd3 {The position is equal.} O-O 9. Qc2 Re8 $146 ({Predecessor:} 9... Qe8 10. b3 e5 11. Be2 e4 12. Nh4 Qe7 13. g3 Ne8 {0-1 (50) Fabri,H-Sammalvuo,T (2370) Stockholm 1994}) 10. Bd2 e5 11. dxe5 Nxe5 12. Nxe5 Rxe5 13. O-O-O Bf5 14. Bxf5 Rxf5 15. f3 Qe7 16. Rhe1 Re8 17. Bc3 Nd7 18. Bxg7 Kxg7 19. e4 ({White should try} 19. Qc3+ Kg8 20. b3) 19... Re5 $17 20. f4 (20. Re3 $17 {was called for.}) 20... Rxe4 $19 21. Rxe4 Qxe4 22. g3 Qxc2+ 23. Kxc2 {[%mdl 4096] Endgame KRN-KRN} Re2+ 24. Rd2 Rxd2+ 25. Kxd2 {KN-KN} Nf6 26. b4 h5 27. Nb2 Ne4+ 28. Ke3 Kf6 29. Kd4 $2 {[#]} (29. Nd3) 29... Kf5 30. a4 Kg4 31. Nd3 Kh3 32. b5 axb5 33. a5 Kxh2 34. Nb4 Kxg3 35. Nxc6 h4 36. Ne5 h3 37. c6 bxc6 {[%cal Bb7c6,Bc6c5][%mdl 32] Black mates.} 38. a6 h2 39. a7 h1=Q 40. a8=Q c5+ {Accuracy: White = 25%, Black = 97%.} 0-1

[Event "CAT-chT 2020"]
[Site "Catalonia"]
[Date "2020.01.25"]
[Round "2.9"]
[White "Fernandez Aguilar, Francisco"]
[Black "Macaya Ruiz, Alfons"]
[Result "1/2-1/2"]
[WhiteElo "2115"]
[BlackElo "2045"]
[Annotator "TA"]
[PlyCount "63"]
[EventDate "2020.01.18"]
[EventType "team-tourn"]
[EventCountry "ESP"]
[SourceTitle "playchess.com"]
[Source "ChessBase"]
[SourceQuality "1"]

{[%evp 18,63,15,23,43,43,26,20,31,18,27,27,27,27,27,27,27,27,29,27,29,24,27,23,22,12,41,25,35,13,26,26,30,5,5,0,32,0,0,0,0,0,0,-22,-21,-29,-29,-37]} 1. Nf3 Nf6 2. g3 d5 3. Bg2 c6 4. O-O Bg4 5. d4 Nbd7 6. Nbd2 e6 7. Re1 Bd6 8. e4 Nxe4 9. Nxe4 dxe4 10. Rxe4 Nf6 {D02: 1 d4 d5 2 Nf3 sidelines, including 2...Nf6 3 g3 and 2...Nf6 3 Bf4} (10... Bh5 11. d5 Nf6 12. Bg5 Bg6 13. Re1 cxd5 14. Bxf6 gxf6 15. Qxd5 Qb6 16. Nd2 O-O 17. Qxb7 Qxb7 18. Bxb7 {½-½ (25) Artemiev,V (2697)-Lysyj,I (2618) Moscow 2018}) 11. Re1 O-O 12. c3 h6 {The position is equal.} 13. Qb3 Qb6 14. Ne5 Bf5 15. Nc4 Qxb3 16. axb3 Bc7 17. b4 $146 ({Predecessor:} 17. Na5 Rab8 18. b4 {½-½ (91) Kohler,T (2147)-Hacker,J (2291) Berlin 2018}) 17... a6 18. Na5 Rab8 19. h3 Bd6 20. Nc4 Bc7 21. Ne5 Bh7 22. Bf4 Rbc8 23. b5 axb5 24. Ra7 $1 Nd5 25. Bxd5 (25. Rxb7 {looks sharper.} Bxe5 26. Bxe5 Bd3 27. Bd6 Rfd8 28. Bc5) 25... cxd5 26. Rxb7 Bxe5 (26... g5 $5 {[%cal Rg5f4]} 27. Bd2 Bxe5 28. dxe5 Rb8 $11) 27. dxe5 Rb8 28. Rxb8 Rxb8 29. Ra1 Be4 30. b4 Rc8 31. Ra3 {[#]} d4 $1 {[%mdl 512]} 32. Bd2 {Accuracy: White = 51%, Black = 72%.} (32. cxd4 Rc4) 1/2-1/2

[Event "CAT-chT 2020"]
[Site "Catalonia"]
[Date "2020.01.25"]
[Round "2.9"]
[White "Guasch Figuerola, Agusti"]
[Black "Llopis de Aysa, Manuel"]
[Result "1-0"]
[WhiteElo "2004"]
[BlackElo "2066"]
[Annotator "NA RC"]
[PlyCount "167"]
[EventDate "2020.01.18"]
[EventType "team-tourn"]
[EventCountry "ESP"]
[SourceTitle "playchess.com"]
[Source "ChessBase"]
[SourceQuality "1"]
[TimeControl "5400+30"]

1. c4 g6 2. g3 Bg7 3. Bg2 e5 4. Nc3 d6 5. d3 Ne7 6. e4 c5 7. Nge2 Nbc6 8. a3 a5 9. O-O O-O 10. Bd2 Rb8 11. Nd5 Nxd5 12. cxd5 Nd4 13. b4 Nxe2+ 14. Qxe2 b6 15. Rab1 axb4 16. axb4 Bd7 17. Rb2 Qc7 18. h4 Rfc8 19. Rc1 Ra8 20. Kh2 h5 21. Be3 f5 22. Ra2 Kh7 23. bxc5 bxc5 24. Rca1 Rab8 25. Ra7 Rb7 26. Qa2 f4 27. Rxb7 fxg3+ 28. fxg3 Qxb7 29. Rb1 Qc7 30. Bg5 Bg4 31. Rb2 Rf8 32. Qb1 Rf7 33. Rb6 Rf2 34. Be3 Re2 35. Bg5 Qf7 36. Rb2 Qf2 37. Rxe2 Qxe2 38. Qf1 Qxf1 39. Bxf1 Bf8 40. Kg2 Kg7 41. Kf2 Kf7 42. Be2 Bd7 43. Ke3 Be7 44. Bd1 Bxg5+ 45. hxg5 Ke7 46. Kd2 Kd8 47. Kc3 Kc7 48. Be2 Kb6 49. Bd1 Ka5 50. Be2 Ka4 51. Bf1 Bg4 52. Bg2 Ka3 53. Bf1 Ka4 54. Bg2 Ka3 55. Bf1 Bd7 56. Be2 Ka2 57. Kc2 Bg4 58. Bf1 Bf3 59. Bh3 Bg4 60. Bf1 Ka3 61. Kc3 Bd7 62. Bg2 Ka2 63. Kc2 Ba4+ 64. Kc3 Kb1 65. Bh3 Kc1 66. Bc8 Kd1 67. Bb7 Be8 68. Bc6 Bf7 69. Bd7 Ke2 70. Kc4 Ke3 71. Be6 Be8 72. Bc8 Kf3 73. Bb7 Bf7 74. Kb5 Kxg3 75. Kc6 h4 76. Bc8 h3 77. Bxh3 Kxh3 78. Kxd6 Be8 79. Kxe5 Kg4 80. Kf6 Kf4 81. e5 Ke3 82. e6 Kxd3 83. d6 c4 84. d7 1-0